Whole-life costs (Record no. 76721)

MARC details
000 -LEADER
fixed length control field 00610cab a2200181 4500
001 - CONTROL NUMBER
control field ##L132963
008 - FIXED-LENGTH DATA ELEMENTS--GENERAL INFORMATION
fixed length control field 060328n2006 000 0 eng u
035 ## - SYSTEM CONTROL NUMBER
System control number (Sirsi) u132963
041 0# - LANGUAGE CODE
Language code of text/sound track or separate title eng
100 1# - MAIN ENTRY--PERSONAL NAME
Personal name Weight, David
245 00 - TITLE STATEMENT
Title Whole-life costs
260 ## - PUBLICATION, DISTRIBUTION, ETC.
Date of publication, distribution, etc. 2006
490 #0 - SERIES STATEMENT
Series statement Building
Volume/sequential designation 271(8423) 24 March 2006, 60-64(5)
520 ## - SUMMARY, ETC.
Summary, etc. Compares the whole-life costs of developing four-storey and eight-storey buildings, and examines the effect of change on developer profit margins. Contains graphs and tables.
590 ## - LOCAL NOTE (RLIN)
Local note IKA280306
690 ## - LOCAL SUBJECT ADDED ENTRY--TOPICAL TERM (OCLC, RLIN)
Topical term or geographic name as entry element BUILT ENVIRONMENT-BUILDING COSTS
942 ## - ADDED ENTRY ELEMENTS (KOHA)
Suppress in OPAC 0
Holdings
Withdrawn status Lost status Source of classification or shelving scheme Damaged status Not for loan Home library Current library Shelving location Date acquired Total Checkouts Full call number Barcode Date last seen Copy number Price effective from Koha item type
    Dewey Decimal Classification     London London Journal article 28/03/2006   L132963 132963-1001 06/08/2019 1 06/08/2019 Journal article